00830nam a22002537a 45000010005000000030006000050050017000110080041000280200018000690400029000870500018001160820010001341000020001442450040001642600057002043000059002614900021003205050008003415200102003495210029004515210020004806500042005007000034005428390FISKH20250910124239.0250910b cb ||||| |||| 00| 0 eng d a9780817253257 aFISKHbengcFISKHdFISKH a QC161.2 .M33 a533.6 aMadgwick, Wendy aUp in the air / cBy Wendy Madgwick aTexas : bRaintree Steck-Vaughn Publishers , c1999. a32 unnumbered pages : bcolor illustrations ;c27 cm . aScience starters aP  aProvides instructions for a variety of projects that demonstrate the properties and uses of air. 8 a650 bLexile estiamte 8 aP bRaz-Plus  aAir-ExperimentsvJuvenile Literature  aSudenham, AndreweIllustrator